Les histoirettes de Tallemant des Reaux. (Record no. 166003)
[ view plain ]
| 000 -LEADER | |
|---|---|
| campo de control de longitud fija | 01099nam a22002415i 4500 |
| 001 - NÚMERO DE CONTROL | |
| campo de control | 166003 |
| 003 - IDENTIFICADOR DE NÚMERO DE CONTROL | |
| campo de control | ES-MaACL |
| 005 - FECHA Y HORA DE LA ÚLTIMA TRANSACCIÓN | |
| campo de control | 20250625173542.0 |
| 008 - DATOS DE LONGITUD FIJA--INFORMACIÓN GENERAL | |
| campo de control de longitud fija | 050919m18621865fr | |||||||| ||fre d |
| 040 ## - FUENTE DE CATALOGACIÓN | |
| Centro catalogador/agencia de origen | CAM |
| Lengua de catalogación | spa |
| Centro/agencia transcriptor | CAM |
| 100 1# - ENTRADA PRINCIPAL--NOMBRE DE PERSONA | |
| Nombre de persona | Tallemant des Réaux, Gédéon. |
| 9 (RLIN) | 133110 |
| 245 14 - MENCIÓN DEL TÍTULO | |
| Título | Les histoirettes de Tallemant des Reaux. |
| 250 ## - MENCION DE EDICION | |
| Mención de edición | 3e éd. |
| Resto de la mención de edición | entiérement revue sur le manuscrit original disposée dans un nouvel ordre et précédée d'une notice historique et littéraire inéditoe sur l'auteur par MM. de Monmerqué et Paulin Paris. |
| 260 ## - PUBLICACIÓN, DISTRIBUCIÓN, ETC. | |
| Lugar de publicación, distribución, etc. | Paris : |
| Nombre del editor, distribuidor, etc. | J. Techener, |
| Fecha de publicación, distribución, etc. | 1862-1865 ( |
| Fabricante | Imprimerie Ch. Lahure et Cie.) |
| 300 ## - DESCRIPCIÓN FÍSICA | |
| Extensión | 6 v. ; |
| Dimensiones | 18 cm. |
| 650 #4 - PUNTO DE ACCESO ADICIONAL DE MATERIA--TÉRMINO DE MATERIA | |
| Término de materia o nombre geográfico como elemento de entrada | Franceses- |
| Subdivisión general | Biografías. |
| 9 (RLIN) | 155009 |
| 651 #4 - PUNTO DE ACCESO ADICIONAL DE MATERIA--NOMBRE GEOGRÁFICO | |
| Nombre geográfico | Francia- |
| Subdivisión general | Historia- |
| Subdivisión cronológica | 1610-1643, Luis XIII. |
| 9 (RLIN) | 161635 |
| 651 #4 - PUNTO DE ACCESO ADICIONAL DE MATERIA--NOMBRE GEOGRÁFICO | |
| Nombre geográfico | Francia- |
| Subdivisión general | Historia- |
| Subdivisión cronológica | 1598-1610, Enrique IV. |
| 9 (RLIN) | 8681 |
| 700 1# - ENTRADA AGREGADA--NOMBRE PERSONAL | |
| Nombre de persona | Monmerqué, Louis Jean Nicolas, |
| Fechas asociadas al nombre | 1780-1860 |
| Término indicativo de función/relación | |
| 9 (RLIN) | 130065 |
| 700 1# - ENTRADA AGREGADA--NOMBRE PERSONAL | |
| Nombre de persona | Paris, Paulin. |
| 9 (RLIN) | 130860 |
| 852 ## - LOCALIZACIÓN | |
| Ubicación | ES-MaACL |
| Número de control de estantería | G-301-06 |
| Nota libre | -- Enc. hol., conservando la enc. rúst. |
| condición física | -- El t. VI falto de port. y cub. |
| Estatus retirado | Estado de pérdida | Estado de daño | No para préstamo | Colección | Biblioteca de origen | Biblioteca actual | Ubicación en estantería | Fecha de adquisición | Total de préstamos | Signatura topográfica completa | Código de barras | Visto por última vez | Precio de reemplazo | Tipo de ítem Koha |
|---|---|---|---|---|---|---|---|---|---|---|---|---|---|---|
| Libros del s. XIX | Biblioteca del Ateneo de Madrid | Biblioteca del Ateneo de Madrid | Depósito 2 | 17/01/2008 | G-301-06 | 1174093 | 23/02/2023 | 23/02/2023 | Libro impreso antiguo |
